| 000 | 00748nam a2200217Ia 4500 | ||
|---|---|---|---|
| 001 | 17660 | ||
| 003 | GE_BSU | ||
| 008 | 181216s||||||||xx |||||||||||||| ||und|| | ||
| 040 | _cGE_BSU | ||
| 080 | _a628.11(035.3) | ||
| 100 | _aАграномик,Е.З. Белов,А.М. Гладков,А.М. и др. | ||
| 245 | _aСправочник по водоснабжению и канализации. | ||
| 245 | _cПод ред. М.Ф.Федорова. | ||
| 250 | _aВторое изд. исправл. и дополн. | ||
| 260 | _aЛ. | ||
| 260 | _bГосстройиздат. | ||
| 260 | _c1960. | ||
| 300 | _a416 стр. 21 см. | ||
| 653 | _aСправочник по водоснабжению и канализации. | ||
| 942 | _cBK | ||
| 999 |
_c50709 _d50709 |
||